000 00792pam a2200229 4500
001 2954
005 20181127170130.0
008 900807s1991 wiua s001 0 eng
010 _a 90045491
020 _a0299127605
_c
100 1 _aLeopold, Aldo,
_d1886-1948.
245 1 4 _aThe river of the mother of God and other essays /
_cby Aldo Leopold ; edited by Susan L. Flader and J. Baird Callicott.
260 _aMadison, Wis. :
_bUniversity of Wisconsin Press,
_cc1991.
300 _axv, 384 p. :
_bill. ;
_c24 cm.
500 _aIncludes index.
504 _a"Publications of Aldo Leopold": p. 349-370.
650 0 _aNatural history
_xOutdoor books.
650 0 _aNature conservation.
700 1 _aCallicott, J. Baird.
700 1 _aFlader, Susan.
740 0 _aRiver of the mother of God.
999 _c2372
_d2372